| 000 | 00814nam a22001817a 4500 | ||
|---|---|---|---|
| 999 |
_c59305 _d59305 |
||
| 005 | 20230116152457.0 | ||
| 008 | 230116c2022 enk||||| |||| 00| 0 eng d | ||
| 022 | _a0008199X | ||
| 041 | _aeng | ||
| 245 |
_aThe Cambridge Quarterly : _b2022 / _cEditors K. Boddy, R. Lyne. |
||
| 260 |
_aOxford, _c2022. |
||
| 300 |
_aV. _b28 cm. |
||
| 653 | _a კემბრიჯის ჟურნალი | ||
| 653 | _aლიტერატურული კრიტიკის ჟურნალი, რომელიც აქვეყნებს სტატიებს კინოს, ვიზუალურ ხელოვნებასა და მუსიკაზე | ||
| 700 |
_aBoddy, K. _eრედაქტორი _95276 |
||
| 700 |
_aLyne, R. _eრედაქტორი _95277 |
||
| 942 |
_2udc _cBK |
||